Statistics for Name a First Name A-Z

Click here to take the quiz!

General Stats

  • This quiz has been taken 130 times
  • The average score is 14 of 20

Answer Stats

HintAnswer% Correct
AAaron | Adam | Alexander | Amanda | Amy | Andrew | Angela | Anthony | Ashley
96%
DDaniel | David | Deborah | Debra | Dennis | Diane | Donald | Donna
84%
JJacob | James | Jason | Jeffrey | Jennifer | Jessica | John | Jonathan | Joseph | Joshua | Julie | Justin
84%
MMargaret | Maria | Mark | Mary | Matthew | Melissa | Michael | Michelle
84%
EEdward | Elizabeth | Emily | Emma | Eric
81%
BBarbara | Benjamin | Brandon | Brenda | Brian
80%
CCarol | Carolyn | Charles | Christina | Christine | Christopher | Cynthia
80%
GGary | George | Gregory
78%
PPamela | Patricia | Patrick | Paul
78%
RRacheal | Rebecca | Richard | Robert | Ronald | Ryan
78%
SSamantha | Samuel | Sandra | Sarah | Scott | Sharon | Stephanie | Stephan | Steven | Susan
77%
TThomas | Timothy | Tyler
70%
WWilliam
69%
KKaren | Katherine | Kathleen | Kelly | Kenneth | Kevin | Kimberly
68%
LLarry | Laura | Lauren | Linda | Lisa
61%
NNancy | Nicholas | Nicole
58%
ZZachary
53%
VVictoria
47%
OOlivia
45%
HHeather
23%

Score Distribution

Percentile by Number Answered

Percent of People with Each Score

Your Score History

You have not taken this quiz